Highest Rated Gold Card For Each Position in Ultimate Team History - Statistics

General Stats
  • This quiz has been taken 612 times
    192 since last reset
  • The average score is 36 of 38
Answer Stats
Player Nation # % Correct
Cristiano Ronaldo 9
98%
Iker Casillas 1
98%
Kylian Mbappé 3
98%
Lionel Messi 10
98%
Manuel Neuer 5
98%
Mohamed Salah 2
97%
Virgil van Dijk 6
97%
Kevin De Bruyne 7
96%
Luis Suárez 3
96%
Luka Modrić 1
96%
Neymar 5
96%
Trent Alexander-Arnold 4
96%
Jan Oblak 3
95%
Marcelo 1
95%
Philipp Lahm 2
95%
Robert Lewandowski 1
95%
Sergio Ramos 2
95%
Xavi 1
95%
Andrés Iniesta 3
94%
David Alaba 3
94%
Gareth Bale 1
94%
Joshua Kimmich 3
94%
Marc-André ter Stegen 1
94%
Nemanja Vidić 1
94%
Sadio Mané 1
94%
Thibaut Courtois 1
94%
Andrew Robertson 2
93%
Dani Alves 3
93%
Vini Jr. 1
93%
Arjen Robben 3
92%
Ashley Cole 2
91%
David de Gea 1
91%
Rodri 1
91%
Thiago Silva 3
90%
João Cancelo 3
89%
Jérôme Boateng 1
87%
Jordi Alba 2
87%
Kyle Walker 1
84%
No matching quizzes found
Score Distribution
Percent of People with Each Score
Percentile by Number Answered
Your Score History
You have not taken this quiz since the last reset